[Event "Challenge"]
[Site "http://www.queenalice.com/game.php?id=685166"]
[Date "2009.11.18"]
[Round "-"]
[White "devil1383"]
[Black "greenee"]
[Result "0-1"]
[WhiteElo "1338"]
[BlackElo "987"]

1. d4 d5 2. Nc3 Nc6 3. Bf4 e6 4. Qd3 g6 5. Nf3 Nf6 6. Be5 Bg7 7. e4 b6 8. exd5
exd5 9. Qb5 Qd7 10. Nxd5 Nxe5 11. dxe5 Nxd5 12. Bc4 c6 13. Bxd5 cxb5 14. O-O
Qxd5 15. Ng5 Qxe5 16. Rae1 O-O 17. Rxe5 Bxe5 18. Ne4 Bf5 19. c3 f6 20. Ng3 Rad8
21. b3 Rd3 22. Ne2 Bxc3 23. Rc1 b4 24. Nf4 Re8 25. Nxd3 Bxd3 26. Rd1 Bc2 27. Rc1
Re2 28. Rf1 a5 0-1

[Event "Challenge"]
[Site "http://www.queenalice.com/game.php?id=685589"]
[Date "2009.11.19"]
[Round "-"]
[White "iliov2008"]
[Black "devil1383"]
[Result "1-0"]
[WhiteElo "1565"]
[BlackElo "1403"]

1. e4 e5 2. Bc4 Nc6 3. Qf3 Nf6 4. d3 Bb4+ 5. c3 O-O 6. cxb4 Nxb4 7. Kd2 d5 8.
Bxd5 c6 9. Bc4 b5 10. Bb3 Qd4 11. Qe3 Qd6 12. a3 Na6 13. Nf3 Ng4 14. Qg5 Nxf2
15. Rf1 Nxd3 16. Ke2 Nac5 17. Bc2 Nxe4 18. Bxd3 Nc5 19. Bf5 Ne6 20. Bxe6 Bxe6
21. Nxe5 Qd4 22. Nc3 b4 23. axb4 Rab8 24. Nxc6 Rxb4 25. Nxd4 Rxd4 26. Be3 Rb4
27. Rxa7 Rxb2+ 28. Bd2 Bc4+ 29. Ke1 Re8+ 30. Kf2 Rxd2+ 31. Qxd2 Bxf1 32. Qa2
Bxg2 33. Ra8 Rxa8 34. Qb2 Rc8 35. Kxg2 f5 36. Nd5 Re8 37. Nc7 Re7 38. Qb8+ Kf7
39. Nd5 Rd7 40. Qb3 Ke6 41. Nb6+ Ke7 42. Nxd7 1-0

[Event "Challenge"]
[Site "http://www.queenalice.com/game.php?id=686638"]
[Date "2009.11.21"]
[Round "-"]
[White "Matrim"]
[Black "devil1383"]
[Result "1-0"]
[WhiteElo "2108"]
[BlackElo "1374"]

1. d4 d5 2. Bf4 Nc6 3. Nf3 e6 4. e3 f5 5. c3 Qf6 6. Bd3 Bd7 7. Nbd2 O-O-O 8. O-O
g5 9. Bxg5 Qg6 10. Bxd8 Kxd8 11. Nh4 Qg5 12. Ndf3 Qg7 13. Qb3 b5 14. Qxb5 Ne5
15. Qb8+ Ke7 16. Qxa7 Nxd3 17. Qxc7 Nf6 18. b4 Ne4 19. Ne5 Nxc3 20. Qxc3 Nxe5
21. dxe5 Qh6 22. Nf3 Bb5 23. Qc7+ Ke8 24. Rfc1 f4 25. Qc8+ Kf7 26. Rc7+ Be7 27.
a4 Rxc8 28. Rxc8 fxe3 29. axb5 exf2+ 30. Kxf2 Bh4+ 31. Kg1 Qe3+ 32. Kh1 Bf2 33.
Rc7+ Kg6 34. Rc6 Be1 35. Rxe1 Qf2 36. Rxe6+ Kf5 37. Rf6+ Kg4 38. h3+ Kg3 39. Rg1
d4 40. Ng5 Qxg1+ 41. Kxg1 1-0

[Event "Challenge"]
[Site "http://www.queenalice.com/game.php?id=691608"]
[Date "2009.12.2"]
[Round "-"]
[White "devil1383"]
[Black "tiro"]
[Result "1-0"]
[WhiteElo "1284"]
[BlackElo "961"]

1. Nc3 d5 2. d4 Nf6 3. Bf4 Nc6 4. e3 h6 5. Qf3 Nb4 6. O-O-O Bf5 7. a3 Nxc2 8. e4
Bg4 9. Bb5+ c6 10. Bd3 Bxf3 11. Nxf3 dxe4 12. Bxc2 1-0

[Event "Challenge"]
[Site "http://www.queenalice.com/game.php?id=697858"]
[Date "2009.12.14"]
[Round "-"]
[White "devil1383"]
[Black "Matrim"]
[Result "0-1"]
[WhiteElo "1251"]
[BlackElo "2104"]

1. d4 Nf6 2. f4 d5 3. Nc3 Bf5 4. g3 e6 5. Nf3 Bb4 6. a3 Bxc3+ 7. Bd2 Bxd2+ 8.
Nxd2 O-O 9. Nb3 Nc6 10. e3 a5 11. Nc5 Rb8 12. b4 axb4 13. axb4 Nxb4 14. Qd2 Ne4
15. Qxb4 Nxc5 16. Qxc5 Be4 17. Rg1 b6 18. Qb4 Bxc2 19. Rc1 Bg6 20. f5 Bxf5 21.
h4 Qc8 22. Be2 Re8 23. g4 Be4 24. Bb5 Rf8 25. Qa4 f5 26. Ba6 Qd8 27. Qc6 Qd6 28.
Qc3 c5 29. g5 cxd4 30. Qxd4 e5 31. Qc3 d4 32. Qc4+ Kh8 33. g6 h6 34. Qb5 f4 35.
Qf1 fxe3 36. Qh3 Rf3 37. Qg4 Qb4+ 38. Ke2 Qd2# 0-1

[Event "Challenge"]
[Site "http://www.queenalice.com/game.php?id=697859"]
[Date "2009.12.14"]
[Round "-"]
[White "devil1383"]
[Black "iliov2008"]
[Result "0-1"]
[WhiteElo "1374"]
[BlackElo "1586"]

1. e4 e5 2. Nc3 Bc5 3. Nf3 f6 4. Bc4 Nh6 5. b3 d6 6. O-O Bg4 7. Bb5+ c6 8. a3
Bxf3 9. gxf3 cxb5 10. Nxb5 a6 11. Nc3 f5 12. d3 Nc6 13. h4 fxe4 14. fxe4 Qxh4
15. Nd5 Ng4 16. Qf3 Qh2# 0-1

[Event "Challenge"]
[Site "http://www.queenalice.com/game.php?id=699606"]
[Date "2009.12.18"]
[Round "-"]
[White "Emiya_S"]
[Black "devil1383"]
[Result "1-0"]
[WhiteElo "1057"]
[BlackElo "1289"]

1. e4 e5 2. Nf3 d6 3. Nc3 Nf6 4. Bc4 Nc6 5. O-O d5 6. exd5 Bd6 7. dxc6 O-O 8.
cxb7 Bxb7 9. Nb5 Bc5 10. b3 Bc6 11. Nc3 a5 12. Bb2 e4 13. Ng5 Ng4 14. Qxg4 h6
15. Nh3 Bd7 16. Qg3 Be7 17. Nxe4 Bf5 18. d3 Bxe4 19. dxe4 Qd2 20. Rac1 Bd6 21.
e5 Bb4 22. e6 fxe6 23. Bxe6+ Kh8 24. Nf4 Rae8 25. Qxg7# 1-0

[Event "Challenge"]
[Site "http://www.queenalice.com/game.php?id=703391"]
[Date "2009.12.26"]
[Round "-"]
[White "justeldiablo"]
[Black "devil1383"]
[Result "1-0"]
[WhiteElo "1999"]
[BlackElo "1201"]

1. d4 d5 2. c4 Nc6 3. c5 Nf6 4. Bg5 Ne4 5. Be3 Bf5 6. a3 Na5 7. Qa4+ Nc6 8. f3
Nf6 9. Nc3 e6 10. Bf2 a6 11. b4 Be7 12. Qd1 O-O 13. e3 b6 14. Bd3 a5 15. b5 Nb8
16. c6 e5 17. Bxf5 g6 18. Bd3 exd4 19. exd4 Nh5 20. Be3 g5 21. Qc2 Nf4 22. Bxh7+
Kh8 23. Bf5 Qd6 24. h4 Qh6 25. g3 Nh5 26. hxg5 Qg7 27. Rxh5+ Kg8 28. Nxd5 f6 29.
Be6+ Rf7 30. Nxe7+ Kf8 31. Ng6+ Qxg6 32. Qxg6 fxg5 33. Qxf7# 1-0

[Event "Challenge"]
[Site "http://www.queenalice.com/game.php?id=704766"]
[Date "2009.12.28"]
[Round "-"]
[White "devil1383"]
[Black "iliov2008"]
[Result "0-1"]
[WhiteElo "1208"]
[BlackElo "1583"]

1. e4 e5 2. Nf3 f6 3. Be2 Nc6 4. O-O Nh6 5. d4 exd4 6. c4 Ng4 7. Nh4 Nge5 8.
Bh5+ g6 9. f4 Nxc4 10. Qd3 gxh5 11. Qxc4 Bh6 12. f5 Bxc1 13. Rxc1 Rg8 14. b4 Rg4
15. Nf3 Rxe4 16. Nbd2 Re5 17. Qg8+ Ke7 18. Qg7+ Kd6 19. Nc4+ Kd5 20. Qf7+ Ke4
21. Re1+ Kxf5 22. Ne3+ dxe3 23. Nxe5 Nxe5 24. Qxh5+ Ke6 25. Red1 Nc4 26. Rd4 d5
27. Qxh7 Ke5 28. Rg4 Bxg4 29. Rf1 Nd2 30. Rd1 Bxd1 31. Qh5+ Bxh5 32. h3 Qg8 33.
g3 Qxg3+ 0-1

[Event "Challenge"]
[Site "http://www.queenalice.com/game.php?id=704767"]
[Date "2009.12.28"]
[Round "-"]
[White "iliov2008"]
[Black "devil1383"]
[Result "1-0"]
[WhiteElo "1572"]
[BlackElo "1201"]

1. e4 e5 2. d4 d5 3. Nf3 Be6 4. Nxe5 Bb4+ 5. c3 Ba5 6. Bb5+ c6 7. Ba4 Nf6 8.
exd5 Bxd5 9. f3 O-O 10. O-O b5 11. Bb3 b4 12. cxb4 Bxb4 13. Bg5 Na6 14. Bxf6
Qxf6 15. Bxd5 cxd5 16. Nd7 Rfd8 17. Nxf6+ gxf6 18. a3 Bd6 19. Qa4 Rdc8 20. Qxa6
Rc4 21. Qxd6 Rxd4 22. Qxf6 a6 23. Qxd4 Rd8 24. Nc3 a5 25. Nxd5 Re8 26. Nf6+ Kf8
27. Nxe8 Kxe8 28. Qa4+ Kf8 29. Qxa5 1-0

[Event "Challenge"]
[Site "http://www.queenalice.com/game.php?id=704938"]
[Date "2009.12.28"]
[Round "-"]
[White "arpia"]
[Black "devil1383"]
[Result "1-0"]
[WhiteElo "1735"]
[BlackElo "1200"]

1. e4 Nf6 2. e5 Nd5 3. d4 Nc6 4. Bc4 Ndb4 5. c3 Na6 6. b4 e6 7. b5 Na5 8. Bd3 c6
9. bxa6 bxa6 10. Nf3 Be7 11. Bf4 O-O 12. O-O c5 13. Nbd2 d5 14. c4 dxc4 15. Nxc4
Nc6 16. Nd6 Bb7 17. Nxb7 Qb8 18. Nxc5 h6 19. Nd7 Qd8 20. Nxf8 Qxf8 21. Qa4 Rc8
22. Bxa6 Rb8 23. Qxc6 Bh4 24. Nxh4 f5 25. Qxe6+ Kh8 26. Ng6+ Kh7 27. Nxf8+ Rxf8
28. Bd3 Rd8 29. Bxf5+ 1-0

[Event "Challenge"]
[Site "http://www.queenalice.com/game.php?id=709622"]
[Date "2010.1.7"]
[Round "-"]
[White "devil1383"]
[Black "ACAFSoares"]
[Result "0-1"]
[WhiteElo "1189"]
[BlackElo "984"]

1. c4 e5 2. Nf3 e4 3. Nd4 Bc5 4. e3 Nf6 5. f4 Ng4 6. Qxg4 g6 7. Be2 h5 8. Qh3 a5
9. O-O a4 10. Nc3 Qf6 11. Nxe4 Qf5 12. Nxc5 Qxc5 13. b3 Qe7 14. bxa4 Rh7 15. Nb5
Nc6 16. Nxc7+ Kf8 0-1

[Event "Challenge"]
[Site "http://www.queenalice.com/game.php?id=709624"]
[Date "2010.1.7"]
[Round "-"]
[White "mpbl2005"]
[Black "devil1383"]
[Result "1-0"]
[WhiteElo "1168"]
[BlackElo "1207"]

1. e4 f6 2. f4 e6 3. Qh5+ g6 4. Qf3 Nh6 5. e5 Bc5 6. exf6 Qxf6 7. Nh3 O-O 8. Ng5
Nc6 9. f5 gxf5 10. d3 d5 11. Qh3 Nd4 12. Qg3 Bb4+ 13. Bd2 Bc5 14. Ne4+ Qg6 15.
Nbc3 Nxc2+ 16. Ke2 1-0

[Event "Challenge"]
[Site "http://www.queenalice.com/game.php?id=715351"]
[Date "2010.1.17"]
[Round "-"]
[White "devil1383"]
[Black "Arianna"]
[Result "0-1"]
[WhiteElo "1165"]
[BlackElo "1298"]

1. d4 f5 2. e4 e5 3. Qh5+ g6 4. Qh4 Be7 5. Qh3 exd4 6. Nc3 Bc5 7. Nf3 Nf6 8.
exf5 b6 9. Bd3 d6 10. Na4 Bxf5 11. O-O Bxh3 12. gxh3 Nc6 13. Ng5 Nb4 14. Ne6 Qd7
15. Nexc5 dxc5 0-1